000 00338nam a2200157Ia 4500
100 _aRoy/Kaushik/ Prasad/sharat C
650 _aCMOS
942 _cBK
366 _f27
654 _acmos
245 _aLow-power CMOS VLSI circuit design
260 _bWiley
_c2000
082 _a621.395
_bROY
300 _a359
546 _aENGLISH
_cTTL
999 _c29411
_d29411